书目信息 |
| 题名: |
美国联邦人身保护令研究
|
|
| 作者: | 薛竑 著 | |
| 分册: | ||
| 出版信息: | 北京 法律出版社 2014 |
|
| 页数: | 396页 | |
| 开本: | 21cm | |
| 丛书名: | 西南政法大学法学学术文库 | |
| 单 册: | ||
| 中图分类: | D971.23 | |
| 科图分类: | ||
| 主题词: | 人身权--Ren Shen Quan--保护--司法制度--研究--美国 | |
| 电子资源: | ||
| ISBN: | 978-7-5118-5736-1 | |
| 000 | 01082nam0 22002651 450 | |
| 001 | 0101082451 | |
| 005 | 20161201105510.85 | |
| 010 | @a978-7-5118-5736-1@dCNY45.00 | |
| 100 | @a20140626d2014 em y0chiy50 ea | |
| 101 | 0 | @achi |
| 102 | @aCN@b110000 | |
| 105 | @ay z 000yy | |
| 106 | @ar | |
| 200 | 1 | @a美国联邦人身保护令研究@AMei Guo Lian Bang Ren Shen Bao Hu Ling Yan Jiu@f薛竑著 |
| 210 | @a北京@c法律出版社@d2014 | |
| 215 | @a396页@d21cm | |
| 225 | 2 | @a西南政法大学法学学术文库@AXi Nan Zheng Fa Da Xue Fa Xue Xue Shu Wen Ku |
| 300 | @a重庆市社会科学规划项目 | |
| 330 | @a人身保护令在英美法国家被誉为“伟大的自由令状”。美国宪法虽然没有确立联邦人身保护令制度,但确认了普通法人身保护令。然而,人身保护令在美国却呈现出与其原产地英国不同的制度。本书专题研究美国联邦人身保护令的起源、历史发展、程序规则以及基本程序。 | |
| 461 | 0 | @12001 @a西南政法大学法学学术文库 |
| 606 | 0 | @a人身权@ARen Shen Quan@x保护@x司法制度@x研究@y美国 |
| 690 | @aD971.23@v5 | |
| 701 | 0 | @a薛竑@AXue Hong@f(1970~)@4著 |
| 801 | 0 | @aCN@bTANGWEI@c20161128 |
| 905 | @b0951652-6@dD971.23@e120@f5 | |
| 美国联邦人身保护令研究/薛竑著.-北京:法律出版社,2014 |
| 396页;21cm.-(西南政法大学法学学术文库) |
| 重庆市社会科学规划项目 |
| ISBN 978-7-5118-5736-1:CNY45.00 |
| 人身保护令在英美法国家被誉为“伟大的自由令状”。美国宪法虽然没有确立联邦人身保护令制度,但确认了普通法人身保护令。然而,人身保护令在美国却呈现出与其原产地英国不同的制度。本书专题研究美国联邦人身保护令的起源、历史发展、程序规则以及基本程序。 |
| ● |
| 相关链接 |
|
|
|
|
正题名:美国联邦人身保护令研究
索取号:D971.23/120
 
预约/预借
| 序号 | 登录号 | 条形码 | 馆藏地/架位号 | 状态 | 备注 |
| 1 | 0951652 | 209516521 | 第一样本阅览室/ [索取号:D971.23/120] | 在馆 | |
| 2 | 0951653 | 209516530 | 密集书库-史法系/ [索取号:D971.23/120] | 在馆 | |
| 3 | 0951654 | 209516549 | 第一借阅区/ [索取号:D971.23/120] | 在馆 | |
| 4 | 0951655 | 209516558 | 第一借阅区/ [索取号:D971.23/120] | 在馆 | |
| 5 | 0951656 | 209516567 | 第一借阅区/ [索取号:D971.23/120] | 在馆 |